LEADER 02629nam a2200397 i 4500 001 991002954189707536 006 m o d 007 cr cnu---unuuu 008 160726s2014 sz b 000 0 eng d 020 $a9783319063737 035 $ab14259758-39ule_inst 040 $aBibl. Dip.le Aggr. Matematica e Fisica - Sez. Matematica$beng 082 04$a516.07$223 084 $aAMS 53C20 084 $aAMS 53C21 084 $aAMS 57S25 084 $aLC QA613 245 00$aGeometry of manifolds with non-negative sectional curvature $h[e-book] /$cOwen Dearricott, Rafael Herrera, Luis Hernández-Lamoneda 260 $aCham [Switzerland] :$bSpringer,$c2014 300 $a1 online resource (196 pages) 440 0$aLecture notes in mathematics,$x1617-9692 ;$v2110 504 $aIncludes bibliographical references 505 0 $aRiemannian manifolds with positive sectional curvature ; An introduction to isometric group actions ; A note on maximal symmetry rank, quasipositive curvature and low dimensional manifolds ; Lectures on n-Sasakian manifolds ; On the Hopf conjecture with symmetry; An introduction to exterior differential systems 520 $aProviding an up-to-date overview of the geometry of manifolds with non-negative sectional curvature, this volume gives a detailed account of the most recent research in the area. The lectures cover a wide range of topics such as general isometric group actions, circle actions on positively curved four manifolds, cohomogeneity one actions on Alexandrov spaces, isometric torus actions on Riemannian manifolds of maximal symmetry rank, n-Sasakian manifolds, isoparametric hypersurfaces in spheres, contact CR and CR submanifolds, Riemannian submersions and the Hopf conjecture with symmetry. Also included is an introduction to the theory of exterior differential systems 650 0$aGlobal analysis (Mathematics) 650 0$aGlobal differential geometry 650 0$aCell aggregation$xMathematics 700 1 $aDearricott, Owen$eauthor$4http://id.loc.gov/vocabulary/relators/aut$0739661 700 1 $aHernández Lamoneda, Luis$eauthor$4http://id.loc.gov/vocabulary/relators/aut$0739662 700 1 $aHerrera, Rafael$eauthor$4http://id.loc.gov/vocabulary/relators/aut$0364108 856 40$uhttp://link.springer.com/book/10.1007/978-3-319-06373-7$zAn electronic book accessible through the World Wide Web 907 $a.b14259758$b03-03-22$c26-07-16 912 $a991002954189707536 996 $aGeometry of manifolds with non-negative sectional curvature$91465284 997 $aUNISALENTO 998 $ale013$b26-07-16$cm$d@ $e-$feng$gsz $h0$i0 LEADER 01509nam0 22003131i 450 001 UON00118511 005 20231205102707.115 100 $a20020107d1979 |0itac50 ba 101 $aspa 102 $aIR 105 $a|||| 1|||| 200 1 $aˆEl ‰ser humano en el Coran por el martir Morteza Mutahari$fMurtada Mutahari 210 $a[s.l.]$cEl Ministero de la orientacion islamica del Iran$d1979 215 $a58 p.$d21 cm 606 $aIRAN$xFILOSOFIA E RELIGIONE$xTAFSIR$3UONC030401$2FI 686 $aIRA VII$cIRAN - FILOSOFIA E RELIGIONE$2A 700 1$aMOTAHARI$bMorteza$cAyatollah$3UONV011065$0639566 712 $aMinistero de la orientacion islamica del Iran$3UONV261936$4650 790 1$aMUTAHHARI, Sahid Ayatullah Murtada$zMOTAHARI, Morteza $3UONV009134 790 1$aˆal-‰MUTAHHARI, Murtada Ayatollah$zMOTAHARI, Morteza $3UONV038484 790 1$aˆal-‰MOTAHHERI, Morteza$zMOTAHARI, Morteza $3UONV073097 790 1$aMOTAHHARI, Mortedha$zMOTAHARI, Morteza $3UONV099390 790 1$aMOTAHHARI, Mortaza$zMOTAHARI, Morteza $3UONV174834 801 $aIT$bSOL$c20240220$gRICA 899 $aSIBA - SISTEMA BIBLIOTECARIO DI ATENEO$2UONSI 912 $aUON00118511 950 $aSIBA - SISTEMA BIBLIOTECARIO DI ATENEO$dSI MISC IRA VII 001 $eSI SA 30287 5 001 996 $aSer humano en el Coran por el martir Morteza Mutahari$91316937 997 $aUNIOR